[Event "4NCL/Div3/NWE2 vs. FCA1"]
[Site "Sunningdale ENG"]
[Date "2007.09.16"]
[Round "2.8"]
[White "Stenning, Marissa"]
[Black "Coates, Christine"]
[Result "1/2-1/2"]
[WhiteElo "1820"]
[BlackElo "1490"]
[PlyCount "89"]
[EventDate "2007.09.16"]
[EventType "team"]
[EventRounds "11"]
[EventCountry "ENG"]
[SourceDate "2007.09.15"]
[WhiteTeam "FCA Solutions 1"]
[BlackTeam "North West Eagles 1"]

1. c4 c6 2. g3 Nf6 3. Bg2 e6 4. Nf3 Be7 5. O-O O-O 6. d3 d5 7. Nbd2 Nbd7 8. a3
Qc7 9. b4 b6 10. Qb3 Bb7 11. Bb2 Rad8 12. a4 Rfe8 13. Ra2 c5 14. b5 d4 15. Rfa1
a5 16. Ng5 e5 17. Bxb7 Qxb7 18. Re1 Ng4 19. Ndf3 Bxg5 20. Nxg5 f6 21. Ne4 Nf8
22. Bc1 Qf7 23. h3 Nh6 24. Bxh6 gxh6 25. Qd1 f5 26. Nd2 Rd6 27. Kh2 Rg6 28. Rg1
Ree6 29. Ra1 h5 30. Rg2 f4 31. Qg1 fxg3+ 32. fxg3 Ref6 33. Rf1 Rxf1 34. Qxf1
Qxf1 35. Nxf1 Rf6 36. Kg1 Kg7 37. Rf2 Rxf2 38. Kxf2 Kf6 39. Kf3 Ng6 40. h4 Ke6
41. Nd2 Ne7 42. e4 Ng6 43. Kf2 Kf6 44. Nf3 h6 45. Kg2 1/2-1/2

[Event "4NCL/Div3/JUTK vs. ANGA1"]
[Site "Sunningdale ENG"]
[Date "2007.09.16"]
[Round "2.1"]
[White "Williams, Simon K"]
[Black "Talsma, Paul A"]
[Result "1-0"]
[WhiteElo "2480"]
[BlackElo "2220"]
[PlyCount "59"]
[EventDate "2007.09.16"]
[EventType "team"]
[EventRounds "11"]
[EventCountry "ENG"]
[SourceDate "2007.09.15"]
[WhiteTeam "Jutes of Kent"]
[BlackTeam "Anglian Avengers 1"]

1. d4 f5 2. Nf3 Nf6 3. h3 g6 4. g4 d5 5. Ne5 Bg7 6. Qd3 O-O 7. Nc3 c5 8. dxc5
Na6 9. Bf4 Qa5 10. e3 Nb4 11. Qd2 Be6 12. f3 Rfd8 13. Kf2 Qxc5 14. a3 Na6 15.
Ne2 Qc8 16. Nd4 Nc5 17. Bd3 fxg4 18. hxg4 Rf8 19. Kg1 Bxg4 20. fxg4 Nxg4 21.
Ndf3 Nxe5 22. Nxe5 Nd7 23. Bf5 Nxe5 24. Qxd5+ Nf7 25. Bxc8 Raxc8 26. c3 e5 27.
Bg5 Rc7 28. Rf1 h6 29. Bf6 Rc6 30. Be7 1-0

[Event "4NCL/Div3/JUTK vs. ANGA1"]
[Site "Sunningdale ENG"]
[Date "2007.09.16"]
[Round "2.3"]
[White "Naylor, John"]
[Black "Le Moir, David"]
[Result "1/2-1/2"]
[WhiteElo "2204"]
[BlackElo "2215"]
[PlyCount "54"]
[EventDate "2007.09.16"]
[EventType "team"]
[EventRounds "11"]
[EventCountry "ENG"]
[SourceDate "2007.09.15"]
[WhiteTeam "Jutes of Kent"]
[BlackTeam "Anglian Avengers 1"]

1. e4 d6 2. d4 Nf6 3. Nc3 e5 4. Nf3 Nbd7 5. Bc4 Be7 6. O-O c6 7. a4 O-O 8. Re1
b6 9. d5 cxd5 10. Nxd5 Bb7 11. Nxe7+ Qxe7 12. Bg5 h6 13. Bxf6 Nxf6 14. Qd3 Rac8
15. Nh4 Rfd8 16. Nf5 Qf8 17. Bb3 g6 18. Nh4 Kh7 19. a5 b5 20. a6 Bc6 21. Rad1
Qe7 22. Nf3 Qc7 23. Nd2 d5 24. exd5 Nxd5 25. Bxd5 Rxd5 26. Qe2 Rcd8 27. Nf1
Rxd1 1/2-1/2

[Event "4NCL/Div3/JUTK vs. ANGA1"]
[Site "Sunningdale ENG"]
[Date "2007.09.16"]
[Round "2.4"]
[White "Player, Edmund C"]
[Black "Harakis, Alexis"]
[Result "0-1"]
[WhiteElo "2132"]
[BlackElo "2194"]
[PlyCount "78"]
[EventDate "2007.09.16"]
[EventType "team"]
[EventRounds "11"]
[EventCountry "ENG"]
[SourceDate "2007.09.15"]
[WhiteTeam "Anglian Avengers 1"]
[BlackTeam "Jutes of Kent"]

1. e4 e6 2. d4 d5 3. Nd2 Be7 4. Ngf3 Nf6 5. e5 Nfd7 6. c3 c5 7. Bd3 Nc6 8. O-O
g5 9. dxc5 Bxc5 10. Nb3 Be7 11. Re1 a6 12. Nbd4 Nf8 13. Be3 Bd7 14. Nxc6 bxc6
15. b4 Rg8 16. Nd2 Qc7 17. Bd4 g4 18. Nb3 h5 19. Bc5 Bc8 20. Bxe7 Kxe7 21. Nc5
Nd7 22. Nxd7 Kxd7 23. c4 Rg5 24. cxd5 exd5 25. f4 gxf3 26. e6+ fxe6 27. Qxf3
Qd6 28. Qe3 Qe7 29. Rac1 Rb8 30. Qa7+ Rb7 31. Qxa6 Qd6 32. a3 Rxb4 33. Qxc6+
Qxc6 34. Rxc6 Rxg2+ 35. Kxg2 Rg4+ 36. Kf3 Kxc6 37. Rc1+ Kd7 38. Bb5+ Kd8 39. a4
Bd7 {time} 0-1

[Event "4NCL/Div3/JUTK vs. ANGA1"]
[Site "Sunningdale ENG"]
[Date "2007.09.16"]
[Round "2.5"]
[White "Rich, Mark"]
[Black "Gregory, Stephen J"]
[Result "1/2-1/2"]
[WhiteElo "2189"]
[BlackElo "2153"]
[PlyCount "98"]
[EventDate "2007.09.16"]
[EventType "team"]
[EventRounds "11"]
[EventCountry "ENG"]
[SourceDate "2007.09.15"]
[WhiteTeam "Jutes of Kent"]
[BlackTeam "Anglian Avengers 1"]

1. e4 d5 2. exd5 Qxd5 3. Nc3 Qa5 4. Bc4 c6 5. Nge2 Nf6 6. O-O b5 7. Bb3 b4 8.
Nb1 e6 9. d3 Bd6 10. Bf4 Bxf4 11. Nxf4 O-O 12. Nd2 Qg5 13. Ne2 c5 14. Nf3 Qh6
15. Qc1 Qxc1 16. Rfxc1 Bb7 17. Ne5 Nbd7 18. Nxd7 Nxd7 19. a3 a5 20. axb4 axb4
21. f3 g5 22. Ng3 Kg7 23. Rxa8 Bxa8 24. Re1 Kg6 25. Kf2 h5 26. h3 g4 27. hxg4
hxg4 28. f4 Rh8 29. Nf1 Kf5 30. Kg3 Kg6 31. Ne3 Nf6 32. Ra1 Nh5+ 33. Kxg4 f5+
34. Kh4 Nxf4+ 35. Kg3 Ne2+ 36. Kf2 Nd4 37. Ra7 Rb8 38. Ba4 f4 39. Nc4 Kf6 40.
Nd6 Bd5 41. Ne8+ Ke5 42. Nc7 Rb7 43. Rxb7 Bxb7 44. c3 bxc3 45. bxc3 Nf5 46. Bb3
Ne3 47. d4+ Kd6 48. Nxe6 cxd4 49. Nxf4 Nxg2 1/2-1/2

[Event "4NCL/Div3/JUTK vs. ANGA1"]
[Site "Sunningdale ENG"]
[Date "2007.09.16"]
[Round "2.6"]
[White "Gray, Mark S"]
[Black "Donovan, Nigel"]
[Result "1/2-1/2"]
[WhiteElo "2114"]
[BlackElo "2112"]
[PlyCount "94"]
[EventDate "2007.09.16"]
[EventType "team"]
[EventRounds "11"]
[EventCountry "ENG"]
[SourceDate "2007.09.15"]
[WhiteTeam "Anglian Avengers 1"]
[BlackTeam "Jutes of Kent"]

1. e4 c5 2. d4 cxd4 3. c3 Nf6 4. e5 Nd5 5. Nf3 e6 6. cxd4 b6 7. Bc4 Bb7 8. O-O
Qc7 9. Bxd5 Bxd5 10. Nc3 Qb7 11. Nxd5 Qxd5 12. Bg5 h6 13. Be3 Be7 14. a3 O-O
15. Rc1 f5 16. Qd3 b5 17. Rfd1 Nc6 18. h4 a5 19. Bf4 a4 20. h5 Na5 21. Nd2 Rfc8
22. Rc3 b4 23. axb4 Bxb4 24. Rcc1 Rxc1 25. Rxc1 Bxd2 26. Bxd2 Nb3 27. Rd1 Rc8
28. Bxh6 gxh6 29. Qg3+ Kf7 30. Qg6+ Ke7 31. Qf6+ Ke8 32. Qh8+ Ke7 33. Qxc8 Nxd4
34. Re1 Ne2+ 35. Kf1 Nf4 36. f3 Qd3+ 37. Kg1 Qd4+ 38. Kf1 Qd3+ 39. Kg1 Qd4+ 40.
Kf1 Qxb2 41. Qg8 a3 42. Qg3 Qb5+ 43. Kg1 Qb4 44. Qg7+ Kd8 45. Qh8+ Ke7 46. Qg7+
Kd8 47. Qh8+ Ke7 1/2-1/2

[Event "4NCL/Div3/JUTK vs. ANGA1"]
[Site "Sunningdale ENG"]
[Date "2007.09.16"]
[Round "2.7"]
[White "Wilson, Alexandra"]
[Black "Wallis, Ian"]
[Result "1-0"]
[WhiteElo "2066"]
[BlackElo "2075"]
[PlyCount "59"]
[EventDate "2007.09.16"]
[EventType "team"]
[EventRounds "11"]
[EventCountry "ENG"]
[SourceDate "2007.09.15"]
[WhiteTeam "Jutes of Kent"]
[BlackTeam "Anglian Avengers 1"]

1. e4 e5 2. Nf3 Nc6 3. Bb5 a6 4. Ba4 Nf6 5. O-O Be7 6. Re1 b5 7. Bb3 d6 8. c3
O-O 9. d4 Bg4 10. d5 Na5 11. Bc2 c6 12. dxc6 Qc7 13. Nbd2 Qxc6 14. Nf1 Nc4 15.
Bd3 Rfe8 16. a4 Bf8 17. Qe2 d5 18. axb5 axb5 19. Rxa8 Qxa8 20. Ng3 Qc6 21. h3
Bxf3 22. Qxf3 Nd6 23. exd5 Qxd5 24. Qe2 g6 25. Rd1 Qc6 26. Bg5 Bg7 27. Bxf6
Bxf6 28. Ne4 Nc4 29. Bxc4 bxc4 30. Rd6 1-0

[Event "4NCL/Div3/JUTK vs. ANGA1"]
[Site "Sunningdale ENG"]
[Date "2007.09.16"]
[Round "2.8"]
[White "Egorova, Anna"]
[Black "Rice, Chris"]
[Result "0-1"]
[WhiteElo "1950"]
[BlackElo "2081"]
[PlyCount "80"]
[EventDate "2007.09.16"]
[EventType "team"]
[EventRounds "11"]
[EventCountry "ENG"]
[SourceDate "2007.09.15"]
[WhiteTeam "Anglian Avengers 1"]
[BlackTeam "Jutes of Kent"]

1. e4 g6 2. d4 Bg7 3. c3 b6 4. Bd3 Bb7 5. Ne2 e6 6. Qc2 d6 7. Be3 Nd7 8. Nd2
Ne7 9. Ng3 Rc8 10. Nf3 c5 11. Qe2 Qc7 12. O-O h6 13. Rac1 O-O 14. Qd2 Kh7 15.
h4 e5 16. h5 Nf6 17. hxg6+ fxg6 18. d5 Rcd8 19. Qe2 Bc8 20. Qd1 g5 21. Nh2 Ng6
22. Be2 Nf4 23. Bg4 Nxg4 24. Nxg4 Qf7 25. Nh2 Qg6 26. Qc2 h5 27. Rce1 h4 28.
Ne2 g4 29. Bxf4 exf4 30. Kh1 Be5 31. Qd3 Kg7 32. Rg1 Rf7 33. b4 Rh8 34. Nf1 g3
35. Qf3 Bg4 36. Qd3 gxf2 37. Nh2 fxe1=Q 38. Rxe1 h3 39. gxh3 Rxh3 40. Qd2 Bf3#
0-1

[Event "4NCL/Div3/PAND vs. MIN"]
[Site "Sunningdale ENG"]
[Date "2007.09.16"]
[Round "2.1"]
[White "Walton, Alan J"]
[Black "Hardman, Michael J"]
[Result "1-0"]
[WhiteElo "2223"]
[BlackElo "2117"]
[PlyCount "65"]
[EventDate "2007.09.16"]
[EventType "team"]
[EventRounds "11"]
[EventCountry "ENG"]
[SourceDate "2007.09.15"]
[WhiteTeam "Pandora's Box"]
[BlackTeam "Mind Sports"]

1. d4 Nf6 2. Bg5 d5 3. Bxf6 gxf6 4. c4 c6 5. e3 Bf5 6. Nc3 e6 7. Nf3 Bg7 8.
cxd5 cxd5 9. Be2 Nc6 10. Nh4 Bg6 11. f4 f5 12. g3 Qe7 13. Kf2 f6 14. a3 a6 15.
Rc1 Rc8 16. Qb3 Bf7 17. Nxd5 exd5 18. Nxf5 Qd7 19. Nxg7+ Kf8 20. Nh5 Bxh5 21.
Bxh5 Kg7 22. Bf3 Ne7 23. g4 Rc6 24. Rxc6 Qxc6 25. Be2 Rc8 26. Bd3 b5 27. Rg1
Kh8 28. Bb1 Qc4 29. Qd3 Ng6 30. Ke2 Nh4 31. Kf2 Ng6 32. h4 Qc7 33. Qf5 1-0

[Event "4NCL/Div3/PAND vs. MIN"]
[Site "Sunningdale ENG"]
[Date "2007.09.16"]
[Round "2.2"]
[White "Camargo, Luiz"]
[Black "Taylor, Robert M"]
[Result "1/2-1/2"]
[WhiteElo "2125"]
[BlackElo "2203"]
[PlyCount "86"]
[EventDate "2007.09.16"]
[EventType "team"]
[EventRounds "11"]
[EventCountry "ENG"]
[SourceDate "2007.09.15"]
[WhiteTeam "Mind Sports"]
[BlackTeam "Pandora's Box"]

1. e4 c6 2. d4 d5 3. Nc3 dxe4 4. Nxe4 Nd7 5. Ng5 Ngf6 6. N1f3 h6 7. Nh3 Nb6 8.
Nf4 Bg4 9. c3 e6 10. h3 Bxf3 11. Qxf3 Bd6 12. Bd3 Qc7 13. Bd2 Nbd7 14. O-O-O
O-O-O 15. Bc2 Kb8 16. Nd3 Qa5 17. Kb1 Qd5 18. Qxd5 cxd5 19. Bf4 Bxf4 20. Nxf4
Kc7 21. Rhe1 Rb8 22. Nd3 g5 23. Re3 Kd6 24. Ne5 Ke7 25. Nd3 Ne4 26. f3 Nd6 27.
Bb3 Nf5 28. Re2 Nb6 29. Ne5 Rbc8 30. Rde1 Rhe8 31. Bc2 Ng3 32. Rf2 Nh5 33. g4
Nf4 34. Rh2 Nc4 35. Nxc4 Rxc4 36. h4 Rcc8 37. hxg5 hxg5 38. Reh1 b5 39. Kc1 a5
40. Kd2 Rc7 41. a3 b4 42. Rh8 Rcc8 43. R8h7 Rb8 1/2-1/2

[Event "4NCL/Div3/PAND vs. MIN"]
[Site "Sunningdale ENG"]
[Date "2007.09.16"]
[Round "2.3"]
[White "Dilley, Jason M"]
[Black "Almond, Richard"]
[Result "0-1"]
[WhiteElo "2216"]
[BlackElo "2101"]
[PlyCount "124"]
[EventDate "2007.09.16"]
[EventType "team"]
[EventRounds "11"]
[EventCountry "ENG"]
[SourceDate "2007.09.15"]
[WhiteTeam "Pandora's Box"]
[BlackTeam "Mind Sports"]

1. d4 d5 2. c4 e6 3. Nc3 Nf6 4. Bg5 Be7 5. e3 O-O 6. Bd3 dxc4 7. Bxc4 c5 8. Nf3
Nc6 9. O-O cxd4 10. exd4 b6 11. Qd2 Bb7 12. Rfd1 Nb4 13. Qe2 Rc8 14. Ne5 Nbd5
15. Rac1 h6 16. Be3 Bd6 17. Nxd5 Nxd5 18. Bd3 Qh4 19. Nf3 Qh5 20. Ba6 Rxc1 21.
Rxc1 Nf4 22. Bxf4 Bxf4 23. Rc3 Bxf3 24. Qxf3 Qxh2+ 25. Kf1 Qh1+ 26. Ke2 Bd6 27.
a3 Qb1 28. Rb3 Qc2+ 29. Kf1 Qc1+ 30. Ke2 Rd8 31. Qc3 Qg5 32. Qf3 Bc5 33. Rd3
Bxd4 34. b4 Be5 35. Rxd8+ Qxd8 36. Qe4 Bb2 37. a4 Bc3 38. Bd3 g6 39. Qc4 Bg7
40. b5 Bf6 41. Be4 Bg5 42. Bd3 Qd6 43. Qe4 Kg7 44. g3 Qd5 45. Qb4 Bf6 46. Qe4
Bd4 47. Qxd5 exd5 48. Bc2 Kf6 49. f4 g5 50. Kf3 gxf4 51. Kxf4 Bb2 52. g4 Bc1+
53. Kf3 Ke5 54. Bb3 Bg5 55. Bc2 f5 56. gxf5 h5 57. Bd3 Kd4 58. Bf1 Kc3 59. Ke2
Kb4 60. Kd3 Bf6 61. Bg2 Kxa4 62. Bxd5 Kxb5 0-1

[Event "4NCL/Div3/PAND vs. MIN"]
[Site "Sunningdale ENG"]
[Date "2007.09.16"]
[Round "2.4"]
[White "Ackley, Peter"]
[Black "Birtwhistle, Nigel"]
[Result "1/2-1/2"]
[WhiteElo "2134"]
[BlackElo "2125"]
[PlyCount "53"]
[EventDate "2007.09.16"]
[EventType "team"]
[EventRounds "11"]
[EventCountry "ENG"]
[SourceDate "2007.09.15"]
[WhiteTeam "Mind Sports"]
[BlackTeam "Pandora's Box"]

1. c4 g6 2. Nc3 Bg7 3. g3 e5 4. Bg2 Nc6 5. e4 Nge7 6. Nge2 d6 7. O-O O-O 8. d3
Be6 9. Nd5 Qd7 10. Be3 f5 11. Qd2 Rf7 12. f3 Raf8 13. Rae1 Nd4 14. Bxd4 exd4
15. Nef4 Bh6 16. Qc2 Bxd5 17. Nxd5 Nxd5 18. exd5 Be3+ 19. Kh1 f4 20. Re2 Qf5
21. g4 Qg5 22. Qd1 h5 23. Bh3 Qh4 24. Kg2 hxg4 25. Bxg4 Rh7 26. h3 Kg7 27. Qe1
1/2-1/2

[Event "4NCL/Div3/PAND vs. MIN"]
[Site "Sunningdale ENG"]
[Date "2007.09.16"]
[Round "2.5"]
[White "Cumbers, Paul"]
[Black "Edwards, Ray B"]
[Result "1-0"]
[WhiteElo "2128"]
[BlackElo "2139"]
[PlyCount "45"]
[EventDate "2007.09.16"]
[EventType "team"]
[EventRounds "11"]
[EventCountry "ENG"]
[SourceDate "2007.09.15"]
[WhiteTeam "Pandora's Box"]
[BlackTeam "Mind Sports"]

1. e4 c6 2. d4 d5 3. e5 Bf5 4. Nf3 e6 5. a3 c5 6. c4 dxc4 7. Bxc4 Nc6 8. Be3
cxd4 9. Nxd4 Nge7 10. Bb5 a6 11. Bxc6+ Nxc6 12. Nxc6 Qxd1+ 13. Kxd1 bxc6 14.
Nd2 O-O-O 15. Rc1 Kb7 16. Ke2 Be7 17. Rc3 Rd5 18. Rhc1 Rc8 19. Nc4 Rcd8 20.
Rb3+ Rb5 21. Rxb5+ cxb5 22. Na5+ Ka8 23. Rc7 1-0

[Event "4NCL/Div3/PAND vs. MIN"]
[Site "Sunningdale ENG"]
[Date "2007.09.16"]
[Round "2.6"]
[White "Minnican, Alan"]
[Black "Nicholson, Jim"]
[Result "1-0"]
[WhiteElo "2110"]
[BlackElo "2060"]
[PlyCount "37"]
[EventDate "2007.09.16"]
[EventType "team"]
[EventRounds "11"]
[EventCountry "ENG"]
[SourceDate "2007.09.15"]
[WhiteTeam "Mind Sports"]
[BlackTeam "Pandora's Box"]

1. Nc3 d5 2. e4 d4 3. Nce2 c5 4. Ng3 g6 5. Bc4 Bg7 6. Nf3 Nc6 7. a4 e6 8. d3
Qc7 9. Bd2 Nge7 10. c3 Bd7 11. cxd4 cxd4 12. b4 a6 13. O-O O-O 14. Qc1 Rfc8 15.
Bh6 Bh8 16. Qg5 Be8 17. Nh5 Be5 18. b5 Kh8 19. Nxe5 1-0

[Event "4NCL/Div3/PAND vs. MIN"]
[Site "Sunningdale ENG"]
[Date "2007.09.16"]
[Round "2.7"]
[White "Coates, David"]
[Black "Hawkins, Nick"]
[Result "0-1"]
[WhiteElo "1969"]
[BlackElo "2016"]
[PlyCount "83"]
[EventDate "2007.09.16"]
[EventType "team"]
[EventRounds "11"]
[EventCountry "ENG"]
[SourceDate "2007.09.15"]
[WhiteTeam "Pandora's Box"]
[BlackTeam "Mind Sports"]

1. e4 e5 2. Nf3 Nc6 3. Bb5 a6 4. Ba4 Nf6 5. O-O Nxe4 6. d4 b5 7. Bb3 d5 8. dxe5
Be6 9. c3 Bc5 10. Nbd2 O-O 11. Bc2 Nxf2 12. Rxf2 f6 13. exf6 Bxf2+ 14. Kxf2
Qxf6 15. Kg1 Rae8 16. Nb3 Ne5 17. Nbd4 Bg4 18. Bg5 Qb6 19. Kh1 c5 20. h3 Bh5
21. Nf5 Nxf3 22. gxf3 Qe6 23. Kh2 Rxf5 24. Bxf5 Qxf5 25. Qd2 Qxf3 26. Re1 Rxe1
27. Qxe1 Qe2+ 28. Qxe2 Bxe2 29. Be3 c4 30. Bd4 Kf7 31. Kg3 g5 32. h4 Kg6 33.
hxg5 Kxg5 34. Kf2 Bg4 35. Ke3 Kf5 36. Bb6 h5 37. Bd8 Bd1 38. a3 Kg4 39. Bc7 h4
40. Kf2 Bf3 41. Ke3 Bd1 42. Kf2 {time} 0-1

[Event "4NCL/Div3/SWD2 vs. CAMB2"]
[Site "Sunningdale ENG"]
[Date "2007.09.16"]
[Round "2.1"]
[White "Spice, Alan"]
[Black "Pickard, Charles"]
[Result "0-1"]
[WhiteElo "2151"]
[BlackElo "2174"]
[PlyCount "58"]
[EventDate "2007.09.16"]
[EventType "team"]
[EventRounds "11"]
[EventCountry "ENG"]
[SourceDate "2007.09.15"]
[WhiteTeam "S. Wales Dragons 2"]
[BlackTeam "Cambridge Univ. 2"]

1. Nc3 c5 2. Nf3 Nc6 3. d4 cxd4 4. Nxd4 Nf6 5. e4 e6 6. Ndb5 Bb4 7. a3 Bxc3+ 8.
Nxc3 d5 9. exd5 exd5 10. Be2 d4 11. Nb1 O-O 12. O-O Bf5 13. Nd2 Ne5 14. Nc4
Nxc4 15. Bxc4 Qb6 16. Bd3 Bxd3 17. Qxd3 Rac8 18. Bd2 Qxb2 19. Rfc1 Qb6 20. Rab1
Qc7 21. Rb4 Rfd8 22. Bg5 Qc3 23. Rxb7 h6 24. Bd2 Qc5 25. Bb4 Qg5 26. Rd1 a5 27.
Be7 Rd5 28. Qb3 Rc3 29. Bxf6 Rxb3 0-1

[Event "4NCL/Div3/SWD2 vs. CAMB2"]
[Site "Sunningdale ENG"]
[Date "2007.09.16"]
[Round "2.2"]
[White "Cooley, Oliver"]
[Black "Rees, Gwynfor"]
[Result "0-1"]
[WhiteElo "2108"]
[BlackElo "2133"]
[PlyCount "82"]
[EventDate "2007.09.16"]
[EventType "team"]
[EventRounds "11"]
[EventCountry "ENG"]
[SourceDate "2007.09.15"]
[WhiteTeam "Cambridge Univ. 2"]
[BlackTeam "S. Wales Dragons 2"]

1. e4 e5 2. Nf3 Nc6 3. Nc3 Nf6 4. Bb5 Nd4 5. Ba4 c6 6. O-O b5 7. Bb3 Nxb3 8.
axb3 d6 9. d4 Qc7 10. Qd3 Be7 11. b4 O-O 12. Be3 a6 13. Ra2 Bb7 14. h3 Rfe8 15.
dxe5 dxe5 16. Bc5 Bxc5 17. bxc5 Qe7 18. Qe3 Nd7 19. b4 a5 20. bxa5 Qxc5 21.
Qxc5 Nxc5 22. Rd1 f6 23. Ne1 b4 24. Ne2 Nxe4 25. Nd3 Red8 26. Rb1 c5 27. f3 Nd2
28. Rba1 Ba6 29. Nec1 Rac8 30. Kf2 Nc4 31. Nb3 Rd5 32. Ke1 Ne3 33. Kf2 Nxc2 34.
Rxc2 Rxd3 35. Rxc5 Rxb3 36. Rxc8+ Bxc8 37. Rd1 Ba6 38. Rd6 Rb2+ 39. Kg3 Bf1 40.
a6 Rxg2+ 41. Kh4 Ra2 0-1

[Event "4NCL/Div3/SWD2 vs. CAMB2"]
[Site "Sunningdale ENG"]
[Date "2007.09.16"]
[Round "2.3"]
[White "Brown, Alan M"]
[Black "Jones, Richard M"]
[Result "1-0"]
[WhiteElo "2136"]
[BlackElo "2086"]
[PlyCount "57"]
[EventDate "2007.09.16"]
[EventType "team"]
[EventRounds "11"]
[EventCountry "ENG"]
[SourceDate "2007.09.15"]
[WhiteTeam "S. Wales Dragons 2"]
[BlackTeam "Cambridge Univ. 2"]

1. d4 d5 2. Nf3 Nf6 3. c4 e6 4. Bg5 Nbd7 5. e3 Be7 6. Nc3 O-O 7. Rc1 c6 8. Bd3
Qa5 9. cxd5 cxd5 10. O-O h6 11. Bh4 Re8 12. Nb5 Rf8 13. a3 a6 14. Nc3 b5 15.
Ne5 Bd6 16. f4 b4 17. axb4 Qxb4 18. Rc2 Bb7 19. Nxd7 Nxd7 20. f5 Be7 21. Na2
Qd6 22. Bxe7 Qxe7 23. Rc7 Rab8 24. f6 Qd8 25. Rxd7 Qxd7 26. Qg4 g6 27. Bxg6
fxg6 28. Qxg6+ Kh8 29. f7 1-0

[Event "4NCL/Div3/SWD2 vs. CAMB2"]
[Site "Sunningdale ENG"]
[Date "2007.09.16"]
[Round "2.4"]
[White "Chan, Nevil"]
[Black "Thomas, Joseff"]
[Result "0-1"]
[WhiteElo "2065"]
[BlackElo "2019"]
[PlyCount "78"]
[EventDate "2007.09.16"]
[EventType "team"]
[EventRounds "11"]
[EventCountry "ENG"]
[SourceDate "2007.09.15"]
[WhiteTeam "Cambridge Univ. 2"]
[BlackTeam "S. Wales Dragons 2"]

1. d4 Nf6 2. Nc3 g6 3. Bg5 d6 4. e4 Bg7 5. Qd2 h6 6. Bf4 Nbd7 7. f3 c6 8. Nge2
b5 9. a3 Nb6 10. Nc1 Nfd7 11. Be2 e5 12. Be3 O-O 13. d5 cxd5 14. Nxd5 Nc4 15.
Bxc4 bxc4 16. O-O f5 17. Ne2 f4 18. Bf2 Kh7 19. Rfd1 g5 20. Ndc3 Rf6 21. Nb5
Bf8 22. Nxa7 Bb7 23. Nc3 Rg6 24. Nab5 h5 25. h3 Bc6 26. Na7 Bb7 27. Nab5 Ra6
28. Nd5 g4 29. hxg4 hxg4 30. Kf1 Nc5 31. Ndc7 Rc6 32. Nd5 Bh6 33. Nb4 Rb6 34.
Bxc5 Rxb5 35. Bf2 Qc8 36. c3 gxf3 37. gxf3 Qh3+ 38. Ke2 Bxe4 39. Rh1 Bxf3+ 0-1

[Event "4NCL/Div3/SWD2 vs. CAMB2"]
[Site "Sunningdale ENG"]
[Date "2007.09.16"]
[Round "2.5"]
[White "Burton, Graham P"]
[Black "Gibbs, Dominic"]
[Result "1-0"]
[WhiteElo "2093"]
[BlackElo "1990"]
[PlyCount "47"]
[EventDate "2007.09.16"]
[EventType "team"]
[EventRounds "11"]
[EventCountry "ENG"]
[SourceDate "2007.09.15"]
[WhiteTeam "S. Wales Dragons 2"]
[BlackTeam "Cambridge Univ. 2"]

1. e4 c5 2. Nf3 d6 3. d4 cxd4 4. Nxd4 Nf6 5. Nc3 a6 6. Bc4 e6 7. Bb3 Nbd7 8.
O-O Nc5 9. Re1 Be7 10. f4 O-O 11. Qf3 Qc7 12. e5 Nfd7 13. Qg3 b5 14. Nd5 exd5
15. Nf5 g6 16. Nxe7+ Kh8 17. Bxd5 Bb7 18. b4 Na4 19. exd6 Qxd6 20. Bxb7 Qb6+
21. Be3 Qxb7 22. Bd4+ f6 23. Nxg6+ hxg6 24. Re7 1-0

[Event "4NCL/Div3/SWD2 vs. CAMB2"]
[Site "Sunningdale ENG"]
[Date "2007.09.16"]
[Round "2.6"]
[White "Gooding, Ian"]
[Black "Miles, Richard"]
[Result "0-1"]
[WhiteElo "1987"]
[BlackElo "2035"]
[PlyCount "91"]
[EventDate "2007.09.16"]
[EventType "team"]
[EventRounds "11"]
[EventCountry "ENG"]
[SourceDate "2007.09.15"]
[WhiteTeam "Cambridge Univ. 2"]
[BlackTeam "S. Wales Dragons 2"]

1. e4 c5 2. Nf3 e6 3. d4 cxd4 4. Nxd4 Nc6 5. Nb5 d6 6. c4 Nf6 7. N1c3 a6 8. Na3
Be7 9. Be2 O-O 10. O-O Qc7 11. Be3 b6 12. f4 Rd8 13. Bf3 Rb8 14. Qe2 Bf8 15.
Rac1 Nb4 16. Nab1 a5 17. Nb5 Qe7 18. N1c3 Bd7 19. e5 dxe5 20. fxe5 Ne8 21. a3
Nc6 22. Bxc6 Bxc6 23. Qf2 Qb7 24. Na4 Bxb5 25. cxb5 Rd5 26. Bxb6 Qd7 27. Be3
Rxe5 28. Rcd1 Rd5 29. Rxd5 exd5 30. Nc3 Nf6 31. Bd4 Ne4 32. Nxe4 dxe4 33. a4
Rd8 34. Kh1 Bb4 35. Bc3 Qe7 36. Bxb4 axb4 37. Re1 e3 38. Qg3 e2 39. h3 h5 40.
Qf2 Rd1 41. b6 b3 42. a5 Qb4 43. b7 Rxe1+ 44. Kh2 Rh1+ 45. Kxh1 e1=Q+ 46. Qxe1
0-1

[Event "4NCL/Div3/SWD2 vs. CAMB2"]
[Site "Sunningdale ENG"]
[Date "2007.09.16"]
[Round "2.7"]
[White "van Kemenade, Rudy"]
[Black "Kapadia, Sujit"]
[Result "1-0"]
[WhiteElo "2032"]
[BlackElo "1915"]
[PlyCount "61"]
[EventDate "2007.09.16"]
[EventType "team"]
[EventRounds "11"]
[EventCountry "ENG"]
[SourceDate "2007.09.15"]
[WhiteTeam "S. Wales Dragons 2"]
[BlackTeam "Cambridge Univ. 2"]

1. d4 d5 2. c4 c6 3. Nf3 Nf6 4. Nbd2 Bf5 5. g3 e6 6. Bg2 Nbd7 7. O-O Bd6 8. b3
e5 9. cxd5 cxd5 10. dxe5 Nxe5 11. Nd4 Bg4 12. h3 Bd7 13. Bb2 O-O 14. Qb1 Re8
15. Re1 Qa5 16. Nf1 Nc6 17. Nf5 Bb4 18. Rd1 Rxe2 19. Bxf6 gxf6 20. Rxd5 Qb6 21.
N1e3 Be6 22. Qe4 Ne5 23. Rxe5 Kf8 24. Qg4 Rxf2 25. Kxf2 fxe5 26. Qg7+ Ke8 27.
Qh8+ Bf8 28. Qxe5 Rd8 29. Bf1 Rd2+ 30. Be2 Qa6 31. Nc4 1-0

[Event "4NCL/Div3/NWE2 vs. WES2"]
[Site "Birmingham ENG"]
[Date "2007.11.10"]
[Round "3.1"]
[White "Redmond, John"]
[Black "Rutter, Nicholas"]
[Result "1-0"]
[WhiteElo "2221"]
[BlackElo "2183"]
[PlyCount "57"]
[EventDate "2007.11.10"]
[EventType "team"]
[EventRounds "11"]
[EventCountry "ENG"]
[SourceDate "2007.09.15"]

1. f4 d5 2. Nf3 Bg4 3. e3 Nd7 4. h3 Bxf3 5. Qxf3 e5 6. Nc3 c6 7. b3 Bd6 8. Bb2
Ngf6 9. O-O-O Qc7 10. fxe5 Nxe5 11. Qf2 O-O-O 12. e4 Kb8 13. d4 Nxe4 14. Nxe4
dxe4 15. dxe5 Bxe5 16. Be2 Bxb2+ 17. Kxb2 Qe5+ 18. Kb1 f5 19. Rhf1 Rxd1+ 20.
Rxd1 Kc7 21. Qxa7 g5 22. a4 Qc3 23. a5 Qb4 24. Kb2 Re8 25. c3 Qe7 26. Qb6+ Kb8
27. a6 Rc8 28. axb7 Qxb7 29. Qa5 1-0

[Event "4NCL/Div3/NWE2 vs. WES2"]
[Site "Birmingham ENG"]
[Date "2007.11.10"]
[Round "3.2"]
[White "Clark, Ian C"]
[Black "Hague, Ben"]
[Result "1/2-1/2"]
[WhiteElo "2104"]
[BlackElo "2290"]
[PlyCount "48"]
[EventDate "2007.11.10"]
[EventType "team"]
[EventRounds "11"]
[EventCountry "ENG"]
[SourceDate "2007.09.15"]

1. e4 d6 2. d4 Nf6 3. Nc3 Nbd7 4. Nf3 e5 5. d5 c6 6. Bc4 Be7 7. O-O O-O 8. dxc6
bxc6 9. h3 Nc5 10. Qe2 Bb7 11. b4 Ncxe4 12. Nxe4 Nxe4 13. Qxe4 d5 14. Qe2 dxc4
15. Rb1 c5 16. Rd1 Bxf3 17. Qxf3 Qc8 18. b5 Qe6 19. a4 Rad8 20. Ba3 f5 21. Qc6
Qf7 22. Rd7 Rxd7 23. Qxd7 Bd8 24. Rd1 Bb6 1/2-1/2